| 000 | 00818nam a22001815i 4500 | ||
|---|---|---|---|
| 001 | 155017 | ||
| 003 | ES-MaACL | ||
| 005 | 20230906205931.0 | ||
| 008 | 981021s1894 sp b |||| | spa d | ||
| 040 |
_aCCPB | B _bspa _cCCPB | B |
||
| 100 | 1 |
_aGutiérrez Vela, Rafael. _9127660 |
|
| 245 | 1 | 0 |
_aDescripcion de las Islas Faeröe _b: sus puertos y rias, é instrucciones para la navegacion entre ellas / _cpor Rafaél Gutierrez Vela. |
| 260 |
_aMadrid : _b[s.n.], _c1894 ( _fImp. de la viuda é hija de Fuentenebro) |
||
| 300 |
_a45 p., 2 h. pleg. de lám.: il. ; _c25 cm. |
||
| 599 | _aCarta de las Islas Faeröe, Plano del puerto de Trangjisvaag; ambos: "Jose Ruidavets T la dibujó", Madrid, 1894. | ||
| 651 | 4 |
_aIslas Faeröe. _9149330 |
|
| 852 |
_aES-MaACL _jT-827-F-1 _z-- Enc. hol. _z-- Enc. en un vol. facticio |
||
| 999 |
_c155017 _d155017 |
||